Kraisthava Sabha : Irupathu Noottantukaliloode (Malyalam) (Record no. 10948)

MARC details
000 -LEADER
fixed length control field 00466nam a22001817a 4500
003 - CONTROL NUMBER IDENTIFIER
control field OSt
005 - DATE AND TIME OF LATEST TRANSACTION
control field 20220719131544.0
008 - FIXED-LENGTH DATA ELEMENTS--GENERAL INFORMATION
fixed length control field 220719b |||||||| |||| 00| 0 eng d
040 ## - CATALOGING SOURCE
Transcribing agency DDC
050 ## - LIBRARY OF CONGRESS CALL NUMBER
Item number D488K
082 ## - DEWEY DECIMAL CLASSIFICATION NUMBER
Item number D488K
100 ## - MAIN ENTRY--PERSONAL NAME
Personal name Dev, J.C.
245 ## - TITLE STATEMENT
Title Kraisthava Sabha : Irupathu Noottantukaliloode (Malyalam)
260 ## - PUBLICATION, DISTRIBUTION, ETC.
Place of publication, distribution, etc. Pathanamthitta, Kerala
Name of publisher, distributor, etc. GLS Publishing
Date of publication, distribution, etc. C.,2003
300 ## - PHYSICAL DESCRIPTION
Extent 721p.:
504 ## - BIBLIOGRAPHY, ETC. NOTE
Bibliography, etc. note Includes Bibliography
942 ## - ADDED ENTRY ELEMENTS (KOHA)
Source of classification or shelving scheme Dewey Decimal Classification
Koha item type Books
Holdings
Withdrawn status Lost status Source of classification or shelving scheme Damaged status Not for loan Collection code Home library Current library Shelving location Date acquired Total Checkouts Full call number Barcode Date last seen Price effective from Koha item type
    Dewey Decimal Classification     Non-fiction Harvest Mission College Harvest Mission College General Stacks 19.07.2022   494 D488K 012812 19.07.2022 19.07.2022 Books

OPAC Designed and Maintained by HMC Library Team.
Copyright © HMC Library,Greater Noida, UP.
For any Suggestions/Query Contact library via Email:libhmc@gmail.com